Szczegóły MARC21

Nowa encyklopedia powszechna PWN. T. 1- /

003 -Nazwa inst., której nr kontr. jest w polu 001 [,]
    • @
    • Nazwa instytucji, której n kontrolny jest w polu 001
    • NUKAT
005 -DATA I CZAS OSTATNIEJ MODYFIKACJI [,]
    • @
    • pole kontrolne
    • 20241231115537.0
020 -Międzynarod. znormalizowany nr książki - ISBN [ , ]
    • a
    • Numer ISBN
    • 830111097X Find
    • q
    • Dopowiedzenie
    • t. 1-6
020 -Międzynarod. znormalizowany nr książki - ISBN [ , ]
    • a
    • Numer ISBN
    • 8301130083 Find
    • q
    • Dopowiedzenie
    • supl.
040 -Instytucja sporządzająca opis [ , ]
    • a
    • Instytucja, która sporządziła opis (NP)
    • KR 306/LS
    • c
    • Instytucja, która sporządziła rekord (NP)
    • KR 306/LS
    • d
    • Instytucja, która zmodyfikowała rekord (P)
    • KR 306/AR
    • d
    • Instytucja, która zmodyfikowała rekord (P)
    • GD 27/LKs
942 -Rodzaj dokumentu [ , ]
    • c
    • Rodzaj dokumentu
    • Książka
245 -Strefa tytułu i oznaczenia odpowiedzialności [0,0]
    • a
    • Tytuł
    • Nowa encyklopedia powszechna PWN. Find
    • n
    • Oznaczenie części (P)
    • T. 1- /
    • c
    • Pozostałe elementy strefy tytułu i oznaczenia odpowiedzialności (NP)
    • [red. nacz. Barbara Petrozolin-Skowrońska].
250 -Strefa wydania [ , ]
    • a
    • Oznaczenie wydania (NP)
    • Wyd. 1 dodr.
260 -Strefa adresu wydawniczego [ , ]
    • a
    • Miejsce wydania (P)
    • Warszawa :
    • b
    • Nazwa wydawcy (P)
    • Wydawnictwo Naukowe PWN,
    • c
    • Data wydania (P)
    • 1998-.
300 -Strefa opisu fizycznego [ , ]
    • a
    • Określenie formy książki i/lub objętość (NP)
    • Wol. :
    • b
    • Oznaczenie ilustracji (NP)
    • il., mapy ;
    • c
    • Format (NP)
    • 31 cm.
336 -Typ zawartości [ , ]
    • a
    • Termin opisujący typ zawartości
    • Tekst
    • b
    • Kod określający zawartość
    • txt
    • 2
    • Źródło (terminu i kodu)
    • rdacontent
337 -Typ mediów [ , ]
    • a
    • Tryb odtwarzania
    • Bez urządzenia pośredniczącego
    • b
    • Kod typu mediów
    • n
    • 2
    • Źródło (terminu i kodu)
    • rdamedia
338 -Typ/rodzaj nośnika [ , ]
    • a
    • Hasło opisujące typ nośnika
    • Wolumin
    • b
    • Kod typu nośnika
    • nc
    • 2
    • Źródło (terminu i kodu)
    • rdacarrier
500 -Uwaga ogólna [ , ]
    • a
    • Uwaga ogólna (NP)
    • T. 1-6 - wyd. 1 dodr., 1998; T. 7 (suplement) - wyd. 1 dodr. 2, 2000.
080 -Uniwersalna Klasyfikacja Dziesiętna [ , ]
    • a
    • Symbol klasyfikacji
    • 0/9(03)
    • 9
    • UKD
    • 1871
    • 2
    • Identyfikator wydania tablic
    • UDC-P058
    • b
    • Dopowiedzenie
    • Encyklopedie. Leksykony. Wydawnictwa informacyjne o zakresie ogólnym lub obejmujące kilka dziedzin.
655 -Hasło w funkcji tematu formalnego [ ,7]
    • a
    • Hasło
    • Encyklopedie i słowniki polskie
    • y
    • Określnik chronologiczny
    • 1990-.
    • 2
    • Źródło terminu
    • kaba
    • 9
    • KHW
    • 355385
980 -Symbol UKD [ , ]
    • a
    • UKD
    • 0/9(03)
700 -Hasło dodatkowe - nazwa osobowa [1, ]
    • a
    • Nazwa osobowa (NP)
    • Petrozolin-Skowrońska, Barbara Find
    • d
    • Daty biograficzne (NP)
    • (1937-2023).
    • e
    • Określenie rodzaju współpracy
    • Red.
    • 9
    • KHW
    • 460504
710 -Hasło dodatkowe - nazwa ciała zbiorowego [2, ]
    • a
    • Nazwa ciała zbiorowego lub nazwa geograficzna jako pierwszy element (NP)
    • Wydawnictwo Naukowe PWN.
    • 4
    • Kod relacji
    • pbl
    • 9
    • KHW
    • 52648
920 -ISBN [ , ]
    • a
    • ISBN
    • 83-01-11097-X Find
    • q
    • Dopowiedzenie
    • t. 1-6
920 -ISBN [ , ]
    • a
    • ISBN
    • 83-01-13008-3 Find
    • q
    • Dopowiedzenie
    • supl.
Data inwentaryzacji Lokalizacja Numer tomu Status udost. Numer inwentarzowy
2004-04-21BGT.11N.18445
2004-04-21BGT.21N.18446
2004-04-21BGT.31N.18447
2004-04-21BGT.41N.18448
2004-04-21BGT.51N.18449
2004-04-21BGT.61N.18450
2004-05-19TT.1-2T.7953
2004-05-19TT.2-2T.7954
2004-05-19TT.3-2T.7955
2004-05-19TT.4-2T.7956
2004-05-19TT.5-2T.7957
2004-05-19TT.6-2T.7958